Quizzes
Events
Quiz Creation
Community
Videos
Private Events
Remove Ads
Sign In
Join for FREE
Feedback
Dark Mode
Quiz Categories
Sports
Geography
Music
Movies
Television
Just For Fun
Miscellaneous
History
Literature
Language
Science
Gaming
Entertainment
Religion
Holiday
For Kids
Quiz Lab
Recent
Popular Today
Quiz Kudos Today
Editor Picks
Curator Picks
Quizzes by...
Day
Popularity
Type
Ratings
Length
Year
Community
Subscriptions
Recent Discussions
Orange Saloon
Badges
Playlists
Quests
Create
Leaderboards
Showdown
Live 5
Trivia Bingo
Activity
Puzzle Library
Sporcle Events
Private Events
Virtual Trivia
Globe League
Become a Host
Pub Owners
SporcleCon
Opinionation
Our Games
Videos
Blog
Mobile Apps
Partnerships
Remove Ads and Go Orange
Feedback
Geography
Country
Landmarks
City
State
Population
World
Capital
Continent
Flags
Europe
Africa
Asia
South America
North America
Oceania
Border
Canada
United Kingdom
Topography
United States
Geography
Country
Landmarks
City
State
Population
World
Capital
Continent
Flags
Europe
Africa
Asia
South America
North America
Oceania
Border
Canada
United Kingdom
Topography
United States
Random Quiz
Search Sporcle
×
Quiz Lab
Quiz Lab
Geography
Country
Type in answers that appear in a list
Type in answers that appear in a list
Classic
Best Score? Go Orange.
Guano Island Countries Stats
Can you name the modern countries that controlled islands claimed by the guano island act?
By
Extinctanimals22
4m
53 Questions
471 Plays
471 Plays
471 Plays
Comments
Comments
Give Quiz Kudos
Give Quiz Kudos
-
- Ratings
hide this ad
Replay
Link that replays current quiz
Next Quiz
Link to next quiz in quiz playlist
You Got
0%
They Got
Avg Score
82%
Avg Friend Score
Upgrade to see
Score Distribution
Jump to the score distribution portion of the page
Score
0/53
Timer
04:00
0
Plays Today
Guano Island
Modern Country
% Correct
Bajo Nuevo Bank
Disputed (USA, Colombia, Jamaica & Nicaragua)
97.2%
Navassa Island
Disputed (United States, Haiti)
97.2%
Baker Island
United States
94.7%
French Frigate Shoals
United States
94.7%
Howland Island
United States
94.7%
Johnston Atoll
United States
94.7%
Jarvis Island
United States
94.7%
Kingman Reef
United States
94.7%
Midway Atoll
United States
94.7%
Palmyra Atoll
United States
94.7%
Swains Island
United States
94.7%
Ducie Island
United Kingdom
94%
Clipperton Island
France
93.4%
Iles du Connétable
France
93.4%
Fakaofo
New Zealand
90.2%
Funafuti
New Zealand
90.2%
Manihiki
New Zealand
90.2%
Penrhyn Island
New Zealand
90.2%
Pukapuka
New Zealand
90.2%
Rakahanga
New Zealand
90.2%
Atafu
New Zealand
89.6%
Minami Torishima
Japan
84.3%
Triángulo Oeste
Mexico
84%
Butaritari
Kiribati
79.6%
Birnie Island
Kiribati
79.6%
Caroline Island
Kiribati
79.6%
Carondelet Reef
Kiribati
79.6%
Guano Island
Modern Country
% Correct
Enderbury Island
Kiribati
79.6%
Flint Island
Kiribati
79.6%
Kanton Island
Kiribati
79.6%
Kiritimati
Kiribati
79.6%
Makin Islands
Kiribati
79.6%
Malden Island
Kiribati
79.6%
Manra Island
Kiribati
79.6%
McKean Island
Kiribati
79.6%
Nikumaroro
Kiribati
79.6%
Orona
Kiribati
79.6%
Starbuck Island
Kiribati
79.6%
Tabuaeran
Kiribati
79.6%
Teraina
Kiribati
79.6%
Vostok Island
Kiribati
79.6%
Winslow Reef
Kiribati
79.6%
Niulakita
Tuvalu
74.9%
Nukufetau
Tuvalu
74.9%
Nukulaelae
Tuvalu
74.9%
Fox Island
Canada
70%
Quita Sueño Bank
Colombia
66.8%
Roncador Bank
Colombia
66.8%
Rosalind Bank
Colombia
66.8%
Serrana Bank
Colombia
66.8%
Serranilla Bank
Colombia
66.8%
Alto Velo Island
Dominican Republic
64.9%
Swan Islands
Honduras
47.7%
Quiz Playlist
Details
Report
Send in Message
Add To Playlist
Classic:
Type in answers that appear in a list
Quiz Source
Last Updated: May 18, 2022
Quiz Scoreboard
CHALLENGE
Sign Up to Join the Scoreboard
Show All
Scores
Hide
Comments
May contain spoilers
Recently Published
Billboard Blitz: Fleetwood Mac
by CooCooCachoo
Music
15s
Presidents Visiting Landmarks
by Hejman
History
7m
An Introduction to Baseball
by treessimontrees
Sports
5m
More to Explore
Quiz From the Vault
Featured Blog Post
Where Did the Easter Bunny Come From?
hide this ad
You Might Also Like...
Tags
Country Quiz
Act
claim
Controlled
island
Modern
region
Today's Top Quizzes in Geography
Browse Geography
hide this ad
Today's Top Quizzes in Country
Browse Country
Top Contributed Quizzes in Geography
1
Countries of the World - No Outlines Minefield
2
Top 25 Cities of France on a map
3
Any capital of a 'B' country per Continent
4
Any capital of a 'C' country per Continent
5
Closest Countries to UK A-Z
6
Any capital of a 'D' country per Continent
7
5-to-1: US Geography No Hints
8
Any capital of an 'E' country per Continent
9
One Thing in Common: United Kingdom
10
Click the Alabama Counties! (Map)
Explore More
Trending Topics
Harry Potter
Crossword
NBA
Anime
Kpop
Disney
Marvel
Country
Pokémon
WWE
The Office
Soccer
Puzzle
Song
NFL
hide this ad
More By:
Extinctanimals22
Quiz
Plays
Rating
Category
Featured
Created
100 Tiny Animals
88,852
3.78
Science
Jun 21, 2012
'Heroes of Olympus' Seven Demigods
47,540
4.10
Literature
Dec 26, 2012
Disney Character by Superpower
40,657
4.39
Movies
Jan 7, 2022
Animated Superhero Teams
38,438
4.33
Entertainment
Feb 22, 2016
Talking Animals of Narnia
37,405
4.68
Literature
Jan 31, 2013
Go to Creator's Profile
Score Distribution
Quiz Creator Spotlight
Extinctanimals22
Follow
Send a Message
Quizzes Created
-
Created Quiz Play Count
-
More By This Creator
Popular Quizzes Today
1
Find the US States - No Outlines Minefield
2
Find the Countries of Europe - No Outlines Minefield
3
The Countries of the World
4
Find the US States
5
Risky Map Clicking: Biggest States A-Z
6
US States
7
Popular People in 1961
8
Movies - When Are They Set?
More Geography Quizzes
15 Seconds: -Stan Countries
Quiz Lab
Trending Quizzes
Risky Map Clicking: Least Populous States A-Z
1-10 Letter G Words
1-10 Letter F Words
Risky Map Clicking: Next State Alphabetically
Risky Map Clicking: Biggest States A-Z
Recently Updated
Leaping Animals
pecheneg
Reality TV Shows (A-Z)
bhenderson79
Rickey Henderson's Hall of Fame Teammates
pecheneg
Champions League XIs: Arsenal
pecheneg
Quick Pick: Celebrities in WWE's Hall of Fame
aduchscher
A-Z Keypad Blitz II
pecheneg
Multiple Oscar Actors
pecheneg
Mystery Phrase Blitz: Oscar 'Best Actors'
pecheneg
F. Scott Fitzgerald Novels
LTH
Pick 3 Villains
ddd62291
Trending Topics
NBA
Anime
Marvel
Crossword
Disney
Kpop
Harry Potter
Pokémon
Country
Soccer
WWE
The Office
NFL
Song
Puzzle
Your Account Isn't Verified!
In order to create a playlist on Sporcle, you need to verify the email address you used during registration. Go to your
Sporcle Settings
to finish the process.
Report this User
Report this user for behavior that violates our
Community Guidelines
.
Details:
Send Report
Go to the Sporcle.com Mobile Site →
Comments